000 00344nam a2200145Ia 4500
008 191201s1990 xx 000 0 und d
082 _a677.028242
_bSUF
100 _aSUTTON, Ann
245 0 _aFalcot's Weave Compendium
250 _a1st
260 _aN.Delhi
_bMcDonald Book
_c1990
300 _a198
650 _aB.Tech(TE)
942 _2ddc
_cBK
999 _c2515
_d2515